Cross-border bank insolvency / (Record no. 10318)

MARC details
000 -LEADER
fixed length control field 00743nam a22002292 4500
001 - CONTROL NUMBER
control field 0000024517
005 - DATE AND TIME OF LATEST TRANSACTION
control field 20151217152303.0
008 - FIXED-LENGTH DATA ELEMENTS--GENERAL INFORMATION
fixed length control field 131219s xx 000 0 eng d
020 ## - INTERNATIONAL STANDARD BOOK NUMBER
International Standard Book Number 0199577071 :
040 ## - CATALOGING SOURCE
Original cataloging agency KABU
Transcribing agency KABU
245 10 - TITLE STATEMENT
Title Cross-border bank insolvency /
Statement of responsibility, etc. edited by Rosa M. Lastra.
250 ## - EDITION STATEMENT
Edition statement 1st ed.
260 ## - PUBLICATION, DISTRIBUTION, ETC. (IMPRINT)
Place of publication, distribution, etc. Oxford :
Name of publisher, distributor, etc. O. U. P.,
Date of publication, distribution, etc. 2011.
300 ## - PHYSICAL DESCRIPTION
Extent xl, 489 p.
650 #0 - SUBJECT ADDED ENTRY--TOPICAL TERM
Topical term or geographic name as entry element Banks and banking
General subdivision Law and legislation.
-- 0000184746
650 #0 - SUBJECT ADDED ENTRY--TOPICAL TERM
Topical term or geographic name as entry element Bank failures
General subdivision Law and legislation.
-- 0000184747
650 #0 - SUBJECT ADDED ENTRY--TOPICAL TERM
Topical term or geographic name as entry element Banking law
General subdivision International cooperation.
-- 0000184748
700 1# - ADDED ENTRY--PERSONAL NAME
Personal name Lastra, Rosa M.
-- 0000184749
852 1# - LOCATION
-- p18225 KES
908 ## - PUT COMMAND PARAMETER (RLIN)
Put command parameter 131219
950 ## - LOCAL HOLDINGS (RLIN)
-- 1
Holdings
Withdrawn status Lost status Source of classification or shelving scheme Not for loan Home library Current library Date acquired Total Checkouts Full call number Barcode Date last seen Date last checked out Price effective from Koha item type
    Library of Congress Classification   Kabarak, Main Campus Kabarak, Main Campus 17/12/2015 1 K1066 .C76 2011 c. 1 016304 15/09/2016 14/09/2016 17/12/2015 General Collection
Designed with assistance from East African Informatics Ltd